| 000 | 00606 a2200181 4500 | ||
|---|---|---|---|
| 999 |
_c792 _d792 |
||
| 020 | _a0194423484 | ||
| 050 | 0 | 0 | _aQP141 KIN 1972 |
| 100 | _aKing, M.H. | ||
| 245 | 0 | 0 |
_aNutrition for developing countries, _bwith special reference to the maize, cassava, and millet areas of Africa _c[by] Maurice H. King [and others] |
| 264 |
_aOxford _bOxford University press _c1972 |
||
| 300 |
_a1 v. (various pagings) _billus. |
||
| 500 | _aNutrition | ||
| 504 | _aIncludes bibliography. | ||
| 650 | 0 | _aNutrition. | |
| 650 | 0 | _aNutrition | |
| 700 | 1 |
_aKing, Maurice H. _q(Maurice Henry) |
|
| 942 |
_2lcc _cBK _h141 _iKIN _k1972 |
||